Gares de Seine Saint Denis - Statistiques

Statistiques générales
  • Ce quiz a été pris 242 fois
    70 depuis la dernière actualisation
  • Le résultat moyen est 30 sur 42
Statistiques - réponses
Nombre de voyageurs Gares % Correct
28 732 540 Aulnay sous Bois
97%
28 530 643 Saint Denis
97%
5 781 900 Sevran - Livry
97%
2 053 438 Freinville - Sevran
95%
14 599 726 La Courneuve - Aubervilliers
95%
16 649 415 Noisy le Sec
95%
9 294 559 Sevran Beaudottes
95%
15 540 271 Bondy
93%
8 731 368 Pantin
93%
8 346 758 Stade de France Saint Denis
93%
2 385 680 Villepinte
90%
21 492 495 Le Bourget
88%
8 948 970 Drancy
87%
803 757 Les Yvris - Noisy le grand
87%
5 477 236 Noisy le Grand Mont d'Est
87%
1 298 446 Dugny - La Courneuve
85%
15 812 883 Epinay - Villetaneuse
85%
6 921 819 Le Raincy - Villemomble - Montfermeil
85%
13 008 410 La Plaine - Stade de France
82%
11 310 252 Pierrefitte - Stains
82%
6 116 202 Epinay sur Seine
80%
5 704 642 Rosny sous Bois
78%
4 520 132 Le Blanc Mesnil
77%
3 156 050 Parc des Expositions
73%
4 680 493 Neuilly Plaisance
72%
3 321 018 Saint Ouen
72%
5 645 140 Gagny
70%
2 956 969 Le Chénay Gagny
70%
6 759 310 Vert Galant
68%
2 152 404 Stains - La Cerisaie
60%
4 152 466 Villetaneuse Université
57%
2 127 054 Les Pavillons Sous Bois
55%
8 201 781 Aéroport Charles de Gaulle 1
50%
6 074 590 Gargan
50%
15 394 518 Aéroport Charles de Gaulle 2 TGV
43%
912 913 Allée de la Tour Rendez Vous
40%
1 257 508 Les Coquetiers
38%
663 691 Remise à Jorelle
37%
1 748 152 Rougemont - Chanteloup
37%
1 753 776 Lycée Henri Sellier
32%
1 000 007 L'Abbaye
30%
5 690 526 Rosny Bois Perier
27%
Aucun quiz correspondant
Distribution des résultats
% des personnes avec chaque résultat
Percentile par nombre de réponses
Votre historique - résultats
Vous n’avez pas pris ce quiz depuis la dernière actualisation